000 00644cam a22002531 4500
001 105097
005 20230410142348.0
008 720107s1961 nyu b 000 0 eng
035 _9(DLC) 61015501
035 _a2166636
010 _a 61015501
040 _aDLC
_cDLC
_dDLC
050 1 4 _aBX1751.2
_b.B821 1961
082 0 0 _a230.2
100 1 _aBrantl, George.
245 0 0 _aCatholicism.
260 _aNew York,
_bG. Braziller,
_c1961.
300 _a256 p.
_c21 cm.
490 0 _aGreat religions of modern man
504 _aIncludes bibliography.
610 2 0 _aCatholic Church
_xDoctrines.
942 _2lcc
_cbk
946 _aJPR
999 _c94304
_d94304